Change your brain, change your body : (Record no. 852)

MARC details
000 -LEADER
fixed length control field 01734cam a2200265 a 4500
005 - DATE AND TIME OF LATEST TRANSACTION
control field 20260322212036.0
008 - FIXED-LENGTH DATA ELEMENTS--GENERAL INFORMATION
fixed length control field data
010 ## - LIBRARY OF CONGRESS CONTROL NUMBER
LC control number 2009039680
020 ## - INTERNATIONAL STANDARD BOOK NUMBER
International Standard Book Number 9780307463579
020 ## - INTERNATIONAL STANDARD BOOK NUMBER
International Standard Book Number 0307463575
040 ## - CATALOGING SOURCE
Original cataloging agency DLC
Transcribing agency DLC
Modifying agency DLC
-- ABG
-- YDXCP
-- LMR
-- VP@
-- DLC
050 00 - LIBRARY OF CONGRESS CALL NUMBER
Classification number RA776.95
Item number .A46 2010
082 00 - DEWEY DECIMAL CLASSIFICATION NUMBER
Classification number 613
Edition information 22
092 ## - LOCALLY ASSIGNED DEWEY CALL NUMBER (OCLC)
Classification number 613 Ame 2010
001 - CONTROL NUMBER
control field data
100 1# - MAIN ENTRY--PERSONAL NAME
Personal name Amen, Daniel G.
245 10 - TITLE STATEMENT
Title Change your brain, change your body :
Remainder of title use your brain to get and keep the body you have always wanted : boost your brain to improve your weight, skin, heart, energy, and focus /
Statement of responsibility, etc. Daniel G. Amen.
250 ## - EDITION STATEMENT
Edition statement 1st ed.
260 ## - PUBLICATION, DISTRIBUTION, ETC.
Place of publication, distribution, etc. New York :
Name of publisher, distributor, etc. Harmony Books,
Date of publication, distribution, etc. c2010.
300 ## - PHYSICAL DESCRIPTION
Extent 372 p. :
Other physical details ill. ;
Dimensions 25 cm.
504 ## - BIBLIOGRAPHY, ETC. NOTE
Bibliography, etc. note Includes bibliographical references and index.
505 0# - FORMATTED CONTENTS NOTE
Formatted contents note Brain basics. The missing link ; The brain-body solution -- Change your brain, change your weight. The craving solution ; The weight solution ; The nutrition solution ; The exercise solution -- Change your brain, beautify and strengthen your body. The skin solution ; The hormone solution ; The heart solution ; The focus and energy solution -- Change your brain, increase love and vitality. The sleep solution ; The stress solution ; The memory solution ; The ANT solution ; The passion solution ; The brain health solution ; Change your brain, change your body, change other people's bodies -- 15 important numbers I need to know -- Amen Clinics abbreviated brain systems questionnaire -- The supplement solution.
520 ## - SUMMARY, ETC.
Summary, etc. The bestselling author of "Change Your Brain, Change Your Life" and "Magnificent Mind at Any Age" explains how to harness brain power to improve overall health and body function.
650 #4 - SUBJECT ADDED ENTRY--TOPICAL TERM
Topical term or geographic name entry element Brain (general works)
Holdings
Withdrawn status Lost status Damaged status Not for loan Home library Current library Shelving location Date acquired Total checkouts Full call number Barcode Date last seen Price effective from Koha item type
        Midway Midway General stacks 22/03/2026   613 22 BC0010877 22/03/2026 22/03/2026 Books